[Event "Bundesliga 9798"]
[Site "Germany"]
[Date "1998.??.??"]
[Round "?.1"]
[White "Womacka, Mathias"]
[Black "Eingorn, Vereslav S"]
[Result "1/2-1/2"]
[WhiteElo "2475"]
[BlackElo "2590"]

1.e4 e6 2.d4 d5 3.Nd2 a6 4.Ngf3 Nf6 5.e5 Nfd7 6.c4 dxc4 7.Bxc4 Nb6 8.Bb3 Bd7
9.O-O Bc6 10.Re1 Bb4 11.a3 Bxd2 12.Bxd2 Bd5 13.Bc2 Nc6 14.Be3 h6 15.Qe2 Qe7
16.b3 O-O-O 17.Red1 f5 18.exf6 gxf6 19.Ne1 Rhg8 20.Bf4 f5 21.f3 Qf6 22.Qf2 Nd7
23.Rac1 Nf8 24.h3 Ng6 25.Bh2 Rd7 26.b4 Rdg7 27.Ba4 f4 28.Bxc6 bxc6 29.Qe2 Nh4
30.Qxa6+ Kd7 31.Rc2 Qf5 32.Rdd2 Qxh3 33.Bxf4 Nxf3+ 34.Nxf3 Qxf3 35.Qf1 Qxf1+
36.Kxf1 Rf7 37.Rf2 Bxg2+ 38.Ke1 Be4 39.Bh2 Rf5 40.Rce2 Bd5 41.Be5 h5 42.Rf4 Rg1+
43.Kd2 Ra1 44.Ref2 Be4 45.Ke3 Bb1 46.Rxf5 Bxf5 47.Kf4 h4 48.Rg2 h3 49.Rg7+ Ke8
50.Rg8+ Kf7 51.Rh8 Rxa3 52.Bxc7 Rc3 53.Bd6 Rc4 54.Ke3 Rc3+ 55.Kf4 Rb3 56.Rh6 Rb1
57.Rh8 Rf1+ 58.Ke3 Re1+ 59.Kf3 Kg7 60.Rh4 Kg6 61.Rh8 Rh1 62.Ke2 Bc2 63.Kf3 Rd1
64.Rxh3 Rxd4 65.Bc5 Rd3+ 66.Kg2 Rd2+ 67.Kf3 e5 68.Rh8 Rd3+ 69.Ke2 Rb3 70.Re8 Kf5
71.Bd6 Bd3+ 72.Kd2 e4 73.Bc5 Bc4 74.Rf8+ Kg4 75.Re8 Rd3+ 76.Ke1 Bd5 77.Ke2 Rh3
78.Kf2 Rf3+ 79.Ke2 Kg3 80.Bd6+ Kg2 81.Bc5 Rb3 82.Re5 Bc4+ 83.Kd2 Kf3 84.Rf5+ Kg4
85.Rf8 e3+ 86.Kc2 e2 87.Re8 Rf3 88.Bd4 Rf1 89.Bc3 Bb5 90.Rg8+ Kf5 91.Rf8+ Ke6
92.Re8+ Kd6 93.Re3 Rd1 94.Kb2 Bd3 95.Kb3 Kd7 96.Kb2 Kc7 97.Kb3 Kb6 98.Re5  1/2-1/2

[Event "Oberliga Ost B9798"]
[Site "Germany"]
[Date "1998.??.??"]
[Round "?.7"]
[White "Jaeger, Ganja"]
[Black "Petri, Bernd"]
[Result "1-0"]
[WhiteElo "2195"]
[BlackElo "2175"]

1.e4 e6 2.d4 d5 3.Nd2 Nc6 4.Ngf3 Nf6 5.e5 Nd7 6.Be2 f6 7.exf6 Qxf6 8.Nf1 Bd6
9.Ne3 O-O 10.O-O Bf4 11.Ng4 Qg6 12.Bxf4 Rxf4 13.h3 h6 14.c3 Rf8 15.Bd3 Qh5
16.Qe2 Nf6 17.Nfe5 Nxe5 18.Nxf6+ Rxf6 19.Qxh5 Nxd3 20.Qe8+ Rf8 21.Qe7 Nxb2
22.Qxc7 Rf7 23.Qd8+ Rf8 24.Qe7 Rf7 25.Qe8+ Rf8 26.Qb5 Nc4 27.Rfe1 a6 28.Qb4 Rf7
29.Re2 b6 30.Rae1 a5 31.Qb1 Rf6 32.Qb5 Ba6 33.Qd7 Bc8 34.Qc6 Rb8 35.Rxe6 Bxe6
36.Rxe6 Rxe6 37.Qxe6+ Kh8 38.Qxd5 b5 39.a4  1-0

[Event "BL2-SuedO 9900 (Women)"]
[Site "Germany"]
[Date "1998.??.??"]
[Round "?"]
[White "Ehret, Rebecca"]
[Black "Just, Gabriele"]
[Result "1/2-1/2"]
[WhiteElo "2100"]
[BlackElo "2030"]

1.e4 e6 2.d4 d5 3.Nd2 Nc6 4.c3 e5 5.dxe5 dxe4 6.Qa4 Qd5 7.Qxe4 Qxe4+ 8.Nxe4 Nxe5
9.Bf4 f6 10.Bxe5 fxe5 11.Nf3 Nf6 12.Bd3 Bd6 13.O-O Bg4 14.Nfd2 O-O-O 15.Bc2 a6
16.Nc4 Nh5 17.Rfe1 Nf4 18.Ng3 Rhe8 19.h3 Bd7 20.Nf5 Bc6 21.Be4 Bxe4 22.Rxe4 b5
23.Nce3 Bf8 24.Rd1 g6 25.Nh4 Bg7 26.Nf3 Nd3 27.Rd2 a5 28.Nc2 Nc5 29.Ree2 Na4
30.Nce1 b4 31.cxb4 axb4 32.Rxd8+ Kxd8 33.Re4 Nxb2 34.Rxb4 e4 35.Nd4 Nd3 36.Rb8+ Kd7
37.Rxe8 Kxe8 38.Nec2 Kd7 39.Kf1 c5 40.Nb3 Kc6 41.Ne3 Kb5 42.Nd2 Kb4 43.Nxe4 c4
44.Nc2+ Ka4 45.Nd2 c3 46.Nc4 Nc1 47.f4 Nxa2 48.Ke2 Kb3 49.N4e3 Nc1+ 50.Kd1 Nd3
51.f5 g5 52.Nd5 Nf2+ 53.Ke2 Ne4 54.Kd3 Nf2+ 55.Ke2 Ne4  1/2-1/2

[Event "Bundesliga 9798"]
[Site "Germany"]
[Date "1998.??.??"]
[Round "?.4"]
[White "Baklan, Vladimir"]
[Black "Ellers, Holger"]
[Result "1-0"]
[WhiteElo "2570"]
[BlackElo "2405"]

1.e4 e6 2.d4 d5 3.Nd2 Be7 4.e5 c5 5.c3 Nc6 6.Ndf3 cxd4 7.cxd4 Bb4+ 8.Bd2 Qb6
9.Bxb4 Qxb4+ 10.Qd2 Bd7 11.Bd3 Nge7 12.Rc1 Qxd2+ 13.Kxd2 O-O 14.Ne2 f6 15.Rhe1 fxe5
16.dxe5 Be8 17.Ng5 h6 18.Nxe6 Rxf2 19.Rf1 Rxf1 20.Rxf1 Bg6 21.Bxg6 Nxg6 22.Nc3 Re8
23.Nc7 Rxe5 24.N7xd5 Re8 25.b4 Rd8 26.Ke3 Re8+ 27.Kd2 Rd8 28.Kc2 Nge7 29.Nxe7+ Nxe7
30.a3 Nd5 31.Nxd5 Rxd5 32.Rf2 Rd7 33.Kc3 Rf7 34.Re2 Kf8 35.Kc4 Re7 36.Rxe7 Kxe7
37.Kd5 a6 38.Kc5 Kd7 39.Kb6 Kc8 40.a4 Kb8 41.h3 g5 42.g4 Kc8 43.Ka7 a5 44.b5 Kc7
45.Ka8  1-0

[Event "NRW-Liga 9798"]
[Site "Germany"]
[Date "1998.??.??"]
[Round "6"]
[White "Konson, Konstantin"]
[Black "Novak, Petr"]
[Result "1-0"]
[WhiteElo "2210"]
[BlackElo "2185"]

1.e4 e6 2.d4 d5 3.Nd2 Be7 4.Ngf3 Nf6 5.e5 Nfd7 6.Bd3 c5 7.c3 Nc6 8.O-O Qb6
9.dxc5 Nxc5 10.Bc2 Qc7 11.Re1 b6 12.Nb3 a5 13.Nbd4 Ba6 14.Nxc6 Qxc6 15.Nd4 Qc7
16.Qg4 g6 17.b4 Nd7 18.bxa5 Qxc3 19.Bh6 Bc5 20.Nxe6 fxe6 21.Qxe6+ Kd8 22.Qxd5 Bxf2+
23.Kh1 Bxe1 24.Qxa8+ Kc7 25.axb6+ Nxb6 26.Qa7+ Kc6 27.Be4+ Kc5 28.Rc1 Qxc1
29.Bxc1 Bb5 30.Be3+  1-0

[Event "Capablanca mem Masters II"]
[Site "Havana"]
[Date "1998.??.??"]
[Round "2"]
[White "De Armas, Asela"]
[Black "Arribas, Maritza"]
[Result "1/2-1/2"]
[WhiteElo "2155"]
[BlackElo "2305"]

1.e4 e6 2.d4 d5 3.Nd2 Nc6 4.Ngf3 Nf6 5.e5 Nd7 6.Bb5 a5 7.O-O Ncb8 8.c3 b6
9.Re1 Ba6 10.a4 c6 11.Bf1 Be7 12.b3 O-O 13.Ba3 Bxa3 14.Rxa3 Qe7 15.Ra2 Bxf1
16.Nxf1 c5 17.Ne3 cxd4 18.cxd4 Na6 19.Qb1 Nb4 20.Rd2 Rfc8 21.Rc1 Rxc1+ 22.Qxc1 Qd8
23.Qb2 Rc8 24.Nc2 Qc7 25.Nfe1 Qc3 26.Qxc3 Rxc3 27.Nxb4 axb4 28.Rd3 Rc1 29.Kf1 Nb8
30.Rd2 Nc6 31.Rc2 Rxc2 32.Nxc2 f6 33.f4  1/2-1/2

[Event "Capablanca mem Masters I"]
[Site "Havana"]
[Date "1998.??.??"]
[Round "11"]
[White "Baron Rodriguez, Jesus"]
[Black "Sieiro Gonzalez, Luis"]
[Result "1/2-1/2"]
[WhiteElo "2350"]
[BlackElo "2390"]

1.e4 e6 2.d4 d5 3.Nd2 a6 4.Ngf3 c5 5.exd5 exd5 6.dxc5 Bxc5 7.Bd3 Qe7+ 8.Qe2 Nf6
9.Qxe7+ Bxe7 10.O-O O-O 11.Nb3 Nc6 12.c3 Bg4 13.Nbd4  1/2-1/2

[Event "HUN-chT9899"]
[Site "HUN"]
[Date "1998.??.??"]
[Round "?"]
[White "Horvath, Zoltan"]
[Black "Torma, Laszlo"]
[Result "1-0"]
[WhiteElo "2340"]
[BlackElo "2010"]

1.e4 e6 2.d4 d5 3.Nd2 Nc6 4.Ngf3 Nf6 5.e5 Nd7 6.c3 f6 7.Bb5 fxe5 8.dxe5 Be7
9.Qe2 O-O 10.Bd3 Ncb8 11.h4 Rf7 12.Bxh7+ Kxh7 13.Ng5+ Bxg5 14.hxg5+ Kg8 15.Qh5 Kf8
16.g6 Rf5 17.Qh8+ Ke7 18.Qxg7+ Ke8 19.Rh8+ Nf8 20.g4 Rf4 21.Qh6  1-0

[Event "HUN-chT9899"]
[Site "HUN"]
[Date "1998.??.??"]
[Round "?"]
[White "Medvegy, Nora"]
[Black "Koczka, Zsolt"]
[Result "1-0"]
[WhiteElo "2325"]
[BlackElo "2260"]

1.e4 e6 2.d4 d5 3.Nd2 Nc6 4.Ngf3 Nf6 5.e5 Nd7 6.Bb5 a6 7.Ba4 b5 8.Bb3 Na5
9.O-O Be7 10.Re1 O-O 11.Nf1 c5 12.c3 Nxb3 13.axb3 Qb6 14.Bd2 Rb8 15.Ne3 b4
16.cxb4 cxd4 17.Nc2 f6 18.exf6 Bxf6 19.Bf4 e5 20.Nxe5 Bxe5 21.Bxe5 Nxe5 22.Rxe5 d3
23.Qxd3 Qxf2+ 24.Kh1 d4 25.Rg1 Bb7 26.Re2 Qf1 27.Qc4+ Kh8 28.Rd2 Qf5 29.Nxd4 Qg5
30.Re2 Rbc8 31.Ne6 Qh5 32.Qd4 Rf6 33.Nc5 Rh6 34.Qe5 Qxe5 35.Rxe5 Bc6 36.Rd1 Rg6
37.Re2 h6 38.Kg1 Rb8 39.Rd4 Rf6 40.Re6 Rxe6 41.Nxe6 Kh7 42.h4 Re8 43.Rd6 Bb5
44.Kf2 Re7 45.g4 Rf7+ 46.Ke3 Rf1 47.g5 Re1+ 48.Kf4 Rf1+ 49.Ke5 Re1+ 50.Kf5 Rf1+
51.Nf4 g6+ 52.Ke5 Re1+ 53.Kf6 Rf1 54.Rd4 Rf3 55.h5 hxg5 56.hxg6+ Kh6 57.g7 Kh7
58.Kf7 Be8+ 59.Kf8  1-0

[Event "HUN-chT9899"]
[Site "HUN"]
[Date "1998.??.??"]
[Round "?"]
[White "Lakos, Nikoletta"]
[Black "Krutti, Valer"]
[Result "1-0"]
[WhiteElo "2385"]
[BlackElo "2360"]

1.e4 e6 2.d4 d5 3.Nd2 a6 4.Bd3 Bd7 5.Qe2 Ne7 6.Ngf3 Bc6 7.O-O Nd7 8.e5 Nb6
9.b3 Nf5 10.a4 Bb4 11.Nb1 Nc8 12.c3 Be7 13.g4 Nh4 14.Nxh4 Bxh4 15.f4 Be7
16.f5 exf5 17.gxf5 Bg5 18.Ba3 Be7 19.Bc1 Bg5 20.Ba3 Be7 21.f6 Bxa3 22.Nxa3 g6
23.e6 Qd6 24.exf7+ Kxf7 25.Qd2 Nb6 26.Rae1 Qxa3 27.Re7+ Qxe7 28.fxe7+ Ke8
29.Qf4 Kd7 30.Re1 Rag8 31.a5 Na8 32.Bf1 Kc8 33.Bh3+ Kb8 34.Be6 Re8 35.Bf7 Rc8
36.Qe5 b6 37.Bxd5 Bxd5 38.Qxd5 Rce8 39.Qc6 g5 40.c4 h5 41.d5  1-0

[Event "Kiev-ch"]
[Site "Kiev"]
[Date "1998.??.??"]
[Round "5"]
[White "Berezin, Victor"]
[Black "Eschenko, Vadim"]
[Result "1-0"]
[WhiteElo "2330"]
[BlackElo "2335"]

1.e4 e6 2.d4 d5 3.Nd2 Nc6 4.Ngf3 Nf6 5.e5 Nd7 6.c3 f6 7.exf6 Qxf6 8.Be2 e5
9.dxe5 Ncxe5 10.Nxe5 Nxe5 11.Nf3 Nxf3+ 12.Bxf3 Qe5+ 13.Be3 c6 14.Qd4 Bd6
15.Qxe5+ Bxe5 16.O-O Kf7 17.Bd1 Be6 18.f4 Bf6 19.Bh5+ Kg8 20.Rae1 Bf5 21.Bc5 g6
22.Bd1 Kf7 23.g4 Bd3 24.Rf3 Be4 25.Rh3 b6 26.Bf2 h6 27.Bb3 Kg7 28.Rhe3 g5
29.fxg5 hxg5 30.Bg3 Rhe8 31.Bc2 Rad8 32.R1e2 Kf7 33.Bxe4 dxe4 34.Be1 b5 35.Rxe4 Rxe4
36.Rxe4 a5 37.Kf1 Rd5 38.Ke2 Be5 39.h4 gxh4 40.Bxh4 Bd6 41.Be1 Rg5 42.Bd2 Rg8
43.g5 Be7 44.Rg4 Kg6 45.Re4 Kf7 46.Be3 Bxg5 47.Rg4 Bxe3 48.Rxg8 Kxg8 49.Kxe3 Kf7
50.Kd4 Ke6 51.Kc5 Kd7 52.a4 bxa4 53.Kb6 a3 54.bxa3 a4 55.Ka5 Kd6 56.Kxa4 Kc5
57.Kb3 Kb5 58.a4+ Kc5 59.Ka3 Kc4 60.Kb2 Kd5 61.a5 Kc5 62.c4 Kd6 63.Kc3 Kc7
64.Kd4 Kd6  1-0

[Event "Klatovy op-A"]
[Site "Klatovy"]
[Date "1998.??.??"]
[Round "?"]
[White "Hrbolka, Ladislav Jr"]
[Black "Rozmbersky, David"]
[Result "0-1"]
[WhiteElo "2000"]
[BlackElo "2090"]

1.e4 e6 2.d4 d5 3.Nd2 Nc6 4.Ngf3 Nf6 5.e5 Nd7 6.Be2 f6 7.exf6 Qxf6 8.Nb3 Bd6
9.Bg5 Qf7 10.Qd2 O-O 11.O-O-O Nf6 12.Bxf6 Qxf6 13.Kb1 a5 14.h4 a4 15.Nc1 e5
16.dxe5 Nxe5 17.Qg5 Ng4 18.Nd3 Bf5 19.Qxf6 Rxf6 20.Nd4 Bd7 21.Nb5 Nxf2 22.Nxf2 Rxf2
23.Nxd6 Rxe2 24.Nxb7 Bf5 25.Rxd5 Be4 26.Rd8+ Rxd8 27.Nxd8 Rxc2 28.Ka1 Rxg2
29.h5 Rd2 30.Re1 Rxd8  0-1

[Event "Klatovy op-B"]
[Site "Klatovy"]
[Date "1998.??.??"]
[Round "?"]
[White "Novotny, R."]
[Black "Kafka, Ladislav"]
[Result "0-1"]
[WhiteElo "1890"]
[BlackElo "1775"]

1.e4 e6 2.d4 d5 3.Nd2 Nc6 4.c3 Nf6 5.e5 Nd7 6.Bd3 f5 7.f4 Be7 8.Qh5+ g6 9.Qh6 Kf7
10.Ne2 Qf8 11.Qh3 h5 12.Nf3 Nb6 13.b3 Na5 14.O-O Bd7 15.Bd2 a6 16.Bc2 Kg7
17.Rfe1 Nc6 18.Rad1 Nd8 19.Kh1 Nf7 20.Nh4 Nh6 21.Qg3 Ng4 22.Bb1 Qd8 23.Nxg6 Kxg6
24.Qf3 Kf7 25.Rf1 Qg8 26.Ng1 Bb5 27.Bd3 Bxd3 28.Qxd3 Qg7 29.a4 Rag8 30.Qe2 Nd7
31.Be1 Ne3  0-1

[Event "Korinthos op"]
[Site "Korinthos"]
[Date "1998.??.??"]
[Round "1"]
[White "Sorensen, J."]
[Black "Vlassis, Panayotis"]
[Result "1-0"]
[WhiteElo "2400"]
[BlackElo "2160"]

1.e4 e6 2.d4 d5 3.Nd2 Nc6 4.Ngf3 Nf6 5.e5 Nd7 6.Bd3 Be7 7.O-O O-O 8.c4 Nb4
9.Bb1 dxc4 10.Nxc4 f5 11.exf6 Nxf6 12.a3 Nbd5 13.Nce5 c5 14.Re1 Qb6 15.Qd3 cxd4
16.Ng5 Qa6 17.Qxh7+  1-0

[Event "Korinthos op"]
[Site "Korinthos"]
[Date "1998.??.??"]
[Round "2"]
[White "Van Rijn, Wouter"]
[Black "Sorensen, J."]
[Result "0-1"]
[WhiteElo "2240"]
[BlackElo "2400"]

1.e4 e6 2.d4 d5 3.Nd2 Nc6 4.Ngf3 Nf6 5.e5 Nd7 6.c3 f6 7.exf6 Qxf6 8.Nb3 Bd6
9.Bg5 Qf7 10.Be2 O-O 11.O-O e5 12.dxe5 Ndxe5 13.Nxe5 Nxe5 14.f4 Nc4 15.Bh5 g6
16.Bf3 Ne3 17.Qd4 Nxf1 18.Bxd5 Be6 19.Bxe6 Qxe6 20.Rxf1 Rae8 21.Qxa7 b6 22.Qa6 Qe2
23.Qa4 Qe3+ 24.Rf2 Qd3 25.g3 Re1+ 26.Kg2 Qd5+ 27.Kh3 Qf5+ 28.Kg2 Qd5+ 29.Kh3 h6
30.Bh4 g5 31.Qd7 Re7 32.Qg4 Rg7 33.Rd2 Qc4 34.fxg5 Qf1+ 35.Rg2 hxg5 36.Bxg5 Rf5
37.Nd2 Qb5 38.Ne4 Be7 39.Bxe7 Rh5+ 40.Bh4 Rxg4 41.Nf6+ Kg7 42.Nxg4 Qf1 43.a3 b5
44.Ne3 Qf3 45.Rd2 Qxe3  0-1

[Event "RUS-Cup"]
[Site "Krasnodar"]
[Date "1998.??.??"]
[Round "2"]
[White "Brodsky, Michail"]
[Black "Riazantsev, Alexander"]
[Result "1/2-1/2"]
[WhiteElo "2545"]
[BlackElo "2290"]

1.e4 e6 2.d4 d5 3.Nd2 Be7 4.Bd3 Nf6 5.e5 Nfd7 6.c3 b6 7.Qg4 g6 8.h4 h5 9.Qe2 Bxh4
10.Ndf3 Be7 11.Nh3 Nf8 12.Be3 a5 13.Qd2 Ba6 14.Bc2 Qd7 15.Bg5 Nh7 16.Bh6 Bf8
17.Be3 Nc6 18.Nhg5 O-O-O 19.Ba4 Bb7 20.a3 Nxg5 21.Nxg5 Bh6 22.b4 Qe7 23.Nf3 Bxe3
24.Qxe3 Nb8 25.bxa5 bxa5 26.Nd2 Bc6 27.Bxc6 Nxc6 28.Nb3 Kd7 29.O-O Ke8 30.Rfc1 a4
31.Nc5 Na5 32.Nxa4 Nb3 33.Nc5 Nxa1 34.Rxa1 Kf8 35.a4 Kg7 36.a5 Ra8 37.a6 Rhb8
38.Qe2 Rb6 39.Qa2  1/2-1/2

[Event "RUS-Cup"]
[Site "Krasnodar"]
[Date "1998.??.??"]
[Round "5"]
[White "Zakharstov, Viacheslav V"]
[Black "Riazantsev, Alexander"]
[Result "0-1"]
[WhiteElo "2450"]
[BlackElo "2290"]

1.e4 e6 2.d4 d5 3.Nd2 Nc6 4.Ngf3 Nf6 5.e5 Nd7 6.Be2 Na5 7.a3 c5 8.dxc5 Nc6
9.b4 a5 10.Rb1 axb4 11.axb4 Ndxe5 12.Nxe5 Nxe5 13.O-O Be7 14.Bb2 Bf6 15.c4 O-O
16.cxd5 exd5 17.Nb3 Ra2 18.Bd4 Bf5 19.Rb2 Ra3 20.Rd2 Nc4 21.Bxf6 Qxf6 22.Rxd5 Nb2
23.Qd4 Be6 24.Na5 Bxd5 25.Qxd5 b6 26.cxb6 Qxb6 27.Qd2 Qf6 28.b5 Na4 29.Nc6 Nb6
30.Qb4 Rfa8 31.Qc5 Nd7 32.Qd5 Qe6 33.Qxe6 fxe6 34.Bg4 Kf7 35.g3 Kf6 36.Kg2 Ra1
37.Rxa1 Rxa1 38.Be2 Rb1 39.h4 g6 40.Kf3 Nc5 41.Ke3 e5 42.Bc4 Rb2 43.f4 exf4+
44.Kxf4 h6 45.Ke3 Nd7 46.Ke4 Rg2 47.Kf4 Rc2 48.Bd3 Rc3 49.Ke4 Rc1 50.Be2 Re1
51.Nd4 Nb6 52.Kf3 Rc1 53.Ke4 Rc5 54.Nc6 Rc1 55.Nd4 Na4 56.Bf3 Rc5 57.Kf4 Rc3
58.Ke4 Rc5 59.Kf4 g5+ 60.hxg5+ hxg5+ 61.Ke4  0-1

[Event "Kstovo (Women)"]
[Site "Kstovo"]
[Date "1998.??.??"]
[Round "?"]
[White "Shadrina, Tatiana"]
[Black "Matveeva, Svetlana"]
[Result "1/2-1/2"]
[WhiteElo "2300"]
[BlackElo "2460"]

1.e4 e6 2.d4 d5 3.Nd2 Be7 4.Bd3 c5 5.dxc5 Nf6 6.Qe2 Nc6 7.Ngf3 Nb4 8.exd5 Qxd5
9.Nb3 Nxd3+ 10.Qxd3 Qxd3 11.cxd3 b6 12.O-O Ba6 13.Ne5 Nd5 14.cxb6 axb6 15.Rd1 Bf6
16.d4 Be2 17.Re1 Bb5 18.Bd2 O-O 19.Rec1 Ba4 20.h3 h5 21.Nf3 Ra7 22.g3 Rfa8
23.Rab1 Bb5 24.a3 Bd3 25.Ra1 Ra4 26.Bg5 Be2 27.Bxf6 Bxf3  1/2-1/2

[Event "Leon op"]
[Site "Leon"]
[Date "1998.??.??"]
[Round "9"]
[White "Baron Rodriguez, Jesus"]
[Black "Dickhoff, Ronald"]
[Result "1/2-1/2"]
[WhiteElo "2350"]
[BlackElo "2220"]

1.e4 e6 2.d4 d5 3.Nd2 a6 4.Ngf3 c5 5.exd5 exd5 6.dxc5 Bxc5 7.Nb3 Ba7 8.Be2 Nc6
9.O-O Nge7 10.Nbd4 Nf5 11.Nxf5 Bxf5 12.Bd3 Bxd3 13.Qxd3 O-O 14.Bf4 Qd7 15.Rad1 Rad8
16.Rfe1 Rfe8 17.Ne5 Nxe5 18.Bxe5 Re6 19.Qg3 f6 20.Bc3 Rde8 21.Qd3 Rxe1+ 22.Rxe1 Rxe1+
23.Bxe1 Qc6 24.Qf5 g6 25.Qd3 Qc4 26.Kf1 Kf7 27.Ke2 b5 28.Kd1 Qd4 29.Qxd4 Bxd4
30.b3 Ke6 31.Ke2 Kd6 32.Kd3 Be5 33.Bb4+ Ke6 34.g3 f5 35.f4 Bb8 36.Bc5  1/2-1/2

[Event "Limhamn op"]
[Site "Limhamn"]
[Date "1998.??.??"]
[Round "?"]
[White "Tairi, Faruk"]
[Black "Hall, Jesper"]
[Result "0-1"]
[WhiteElo "2245"]
[BlackElo "2460"]

1.e4 e6 2.d4 d5 3.Nd2 Nc6 4.Ngf3 Nf6 5.e5 Ng4 6.h3 Nh6 7.Be2 f6 8.exf6 Qxf6
9.Nf1 Nf7 10.Ne3 g5 11.a3 Bg7 12.c3 Bd7 13.b3 O-O-O 14.Bb2 h5 15.Qc2 e5 16.dxe5 Nfxe5
17.Nxe5 Qxe5 18.O-O-O Be6 19.Bf3 d4 20.Bxc6 dxe3 21.Bf3 g4 22.hxg4 hxg4 23.Rxh8 Rxh8
24.Be4 exf2  0-1

[Event "Ljubljana op"]
[Site "Ljubljana"]
[Date "1998.??.??"]
[Round "4"]
[White "Golja, Milan"]
[Black "Furlan, Miha"]
[Result "0-1"]
[WhiteElo "1860"]
[BlackElo "2330"]

1.e4 e6 2.d4 d5 3.Nd2 Nc6 4.c3 dxe4 5.Nxe4 Qd5 6.Bd3 e5 7.dxe5 Nxe5 8.Bc2 Qxd1+
9.Bxd1 Nd3+ 10.Ke2 Nxc1+ 11.Rxc1 Bf5 12.Ng3 Bg6 13.Ba4+ c6 14.Rd1 Nf6 15.Nf3 Be7
16.Ne5 O-O 17.Nxg6 hxg6 18.Rd3 Rfe8 19.Kf3 Bc5 20.Rhd1 Bb6 21.Ne2 Ne4 22.Nd4 Nc5
23.Bb3 Nxd3 24.Rxd3 Rad8 25.Re3 Bxd4 26.cxd4 Rxe3+ 27.fxe3 Kf8 28.g4 g5 29.Ke4 Ke7
30.a4 Rh8  0-1

[Event "Ljubljana op"]
[Site "Ljubljana"]
[Date "1998.??.??"]
[Round "5"]
[White "Kutuzovic, Branko"]
[Black "Furlan, Miha"]
[Result "1-0"]
[WhiteElo "2425"]
[BlackElo "2330"]

1.e4 e6 2.d4 d5 3.Nd2 Nc6 4.Ngf3 Nf6 5.e5 Nd7 6.c3 f6 7.Bb5 fxe5 8.dxe5 a6
9.Bxc6 bxc6 10.Nb3 a5 11.Nbd4 Nb8 12.Ng5 Qe7 13.Qg4 c5 14.Ndf3 Nc6 15.Nxh7 Ba6
16.Bg5 Qf7 17.Nxf8 Rxf8 18.Be3 d4 19.cxd4 Nb4 20.O-O-O Be2 21.d5 Nxd5 22.Rxd5 exd5
23.e6  1-0

[Event "Ljubljana op"]
[Site "Ljubljana"]
[Date "1998.??.??"]
[Round "9"]
[White "Delchev, Aleksander"]
[Black "Furlan, Miha"]
[Result "1-0"]
[WhiteElo "2545"]
[BlackElo "2330"]

1.e4 e6 2.d4 d5 3.Nd2 Nc6 4.Ngf3 Nf6 5.e5 Nd7 6.Nb3 a5 7.a4 Be7 8.Bb5 Ncb8
9.h4 h6 10.h5 b6 11.Rh3 Ba6 12.Rg3 Bf8 13.c4 Bb7 14.cxd5 Bxd5 15.Nbd2 Na6
16.b3 Qc8 17.Nf1 Nb4 18.Ne3 Bc6 19.Ba3 Qb7 20.Kf1 Bxb5+ 21.axb5 Nd5 22.Bxf8 Kxf8
23.Rc1 Rc8 24.Nc4 Ne7 25.Nh4 Qd5 26.Qg4 Rg8 27.Rcc3 f5 28.Ng6+ Nxg6 29.Qxg6 Re8
30.Kg1 Ke7 31.Rgd3 Kd8 32.Qg3 Qxb5 33.Qh4+ Re7 34.Nd6 Qb4 35.Rxc7 Kxc7 36.Qxe7  1-0

[Event "Malmo"]
[Site "Malmo"]
[Date "1998.??.??"]
[Round "8"]
[White "Chojnacki, Krzysztof"]
[Black "Wisniewski, Adrian"]
[Result "1/2-1/2"]
[WhiteElo "2140"]
[BlackElo "2165"]

1.e4 e6 2.d4 d5 3.Nd2 a6 4.Ngf3 c5 5.exd5 exd5 6.Be2 Nc6 7.O-O Bd6 8.dxc5 Bxc5
9.Nb3 Bb6 10.Bg5 Nge7 11.Bxe7 Nxe7 12.c3 O-O 13.Nfd4 Ng6 14.Qd2 Qf6 15.Rfe1 Nf4
16.Bf1 Bc7 17.Ne2 Qh6 18.g3 Nxe2+ 19.Qxe2 Bf5 20.Bg2 Rad8 21.Rad1 Qe6 22.Qxe6 fxe6
23.Nd4 Bb6 24.Rd2 Bxd4 25.Rxd4 Rfe8 26.Re5 Kf7 27.f4 Kf6 28.Rb4 Re7 29.Rb6 Red7
30.h4 Bg4  1/2-1/2

[Event "SLO-ch"]
[Site "Maribor"]
[Date "1998.??.??"]
[Round "2"]
[White "Simic, Dragan"]
[Black "Mazi, Leon"]
[Result "1-0"]
[WhiteElo "2280"]
[BlackElo "2420"]

1.e4 e6 2.d4 d5 3.Nd2 Nc6 4.c3 e5 5.exd5 Qxd5 6.Ngf3 exd4 7.Bc4 Qf5 8.Nxd4 Qe5+
9.Ne2 Bg4 10.h3 Bxe2 11.Qxe2 Nf6 12.Nf3 Qxe2+ 13.Kxe2 Bd6 14.Re1 O-O 15.Kf1 a6
16.Bg5 Na5 17.Bd3 Nd5 18.Be4 Nb6 19.Nd4 h6 20.Bc1 c6 21.b3 Rfe8 22.Bb2 Be5
23.Rab1 Rad8 24.Nf3 Bf6 25.c4 Nd7 26.Bf5 Bxb2 27.Rxb2 Rxe1+ 28.Kxe1 Nf6 29.Rd2 Rxd2
30.Kxd2 c5 31.Ne5 g6 32.Bc8 Ne4+ 33.Kc2 Nd6 34.Bg4 Kg7 35.Bf3 b6 36.Nd7 Nc8
37.Kc3 f6 38.Bd5 b5  1-0

[Event "SLO-ch"]
[Site "Maribor"]
[Date "1998.??.??"]
[Round "9"]
[White "Simic, Dragan"]
[Black "Sermek, Drazen"]
[Result "0-1"]
[WhiteElo "2280"]
[BlackElo "2510"]

1.e4 e6 2.d4 d5 3.Nd2 Nc6 4.c3 e5 5.exd5 Qxd5 6.Ngf3 exd4 7.Bc4 Qf5 8.Nxd4 Nxd4
9.cxd4 Be6 10.Qa4+ Bd7 11.Qb3 O-O-O 12.O-O Bd6 13.Nf3 f6 14.Re1 Ne7 15.d5 Qh5
16.g3 Nf5 17.Be2 Qf7 18.Bd2 h5 19.Bb4 Bxb4 20.Qxb4 Qxd5 21.Rad1 Qc6 22.Nd2 Qb6
23.Qc3 Nd4 24.Bf1 Bb5 25.Nc4 Qc5 26.Rc1 Bc6 27.Bg2 Bxg2 28.Kxg2 h4 29.gxh4 Qc6+
30.f3 Rxh4 31.Nd2 Qd6 32.Nf1 Rdh8 33.Rcd1 Rxh2+ 34.Nxh2 Qxh2+ 35.Kf1 Qh1+
36.Kf2 Rh2+ 37.Kg3 Qg2+ 38.Kf4 Rh4+ 39.Ke3 Qxf3+ 40.Kd2 Rh2+ 41.Kc1 Ne2+  0-1

[Event "Montecatini Terme"]
[Site "Montecatini Terme"]
[Date "1998.??.??"]
[Round "1"]
[White "Wagman, Stuart"]
[Black "Vezzosi, Paolo"]
[Result "1/2-1/2"]
[WhiteElo "2180"]
[BlackElo "2275"]

1.e4 e6 2.d4 d5 3.Nd2 Be7 4.Ngf3 Nf6 5.Bd3 c5 6.e5 Nfd7 7.c3 Nc6 8.O-O Qb6
9.dxc5 Qc7 10.Nb3 Ndxe5 11.Nxe5 Qxe5 12.f4 Qf6 13.Be3 Bd7 14.Kh1 Rc8 15.Qe2 a6
16.Rae1 O-O 17.Nd4 Bxc5 18.Nxe6 Qxe6 19.Bxc5 Qxe2 20.Rxe2 Rfe8 21.Rfe1 Rxe2
22.Rxe2 g6 23.Kg1 Kg7 24.Rd2 Be6 25.Be2 f6 26.Kf2  1/2-1/2

[Event "Montecatini Terme op"]
[Site "Montecatini Terme"]
[Date "1998.??.??"]
[Round "3"]
[White "Safranska, Anda"]
[Black "Naumkin, Igor"]
[Result "0-1"]
[WhiteElo "2295"]
[BlackElo "2435"]

1.e4 e6 2.d4 d5 3.Nd2 Nc6 4.Ngf3 Nf6 5.e5 Nd7 6.Bb5 Be7 7.O-O a6 8.Bxc6 bxc6
9.c4 c5 10.cxd5 exd5 11.Re1 O-O 12.Nf1 Re8 13.Qc2 Nf8 14.dxc5 Ne6 15.c6 d4
16.Qe4 a5 17.Rd1 Bc5 18.b3 Ba6 19.Bb2 d3 20.Rac1 Qb8 21.N1d2 a4 22.Bc3 Qb6
23.Rf1 axb3 24.axb3 Rad8 25.b4 Bf8 26.Nc4 Qb5 27.Ne3 Qb6 28.Nc4 Qb5 29.Nfd2 Bxb4
30.Rb1 Bxc3 31.Rxb5 Bxb5 32.Rc1 Nd4 33.Qxd3 Bxd2 34.Qxd2 Bxc4  0-1

[Event "Montecatini Terme op"]
[Site "Montecatini Terme"]
[Date "1998.??.??"]
[Round "4"]
[White "Dervishi, Erald"]
[Black "Drasko, Milan"]
[Result "1-0"]
[WhiteElo "2450"]
[BlackElo "2515"]

1.e4 e6 2.d4 d5 3.Nd2 Nc6 4.Ngf3 Nf6 5.e5 Nd7 6.c3 f6 7.exf6 Qxf6 8.Be2 e5
9.dxe5 Ncxe5 10.O-O Be7 11.c4 dxc4 12.Nxc4 O-O 13.Bd2 Nxf3+ 14.Bxf3 Nb6 15.Bc3 Qh6
16.Re1 Bc5 17.Re5 Bxf2+ 18.Kxf2 Qh4+ 19.Kg1 Qxc4 20.Rg5 g6 21.Qe1 Qf4 22.Qe7 Rf7
23.Qe8+  1-0

[Event "Moscow-ch op"]
[Site "Moscow"]
[Date "1998.??.??"]
[Round "6"]
[White "Abashev, Denis"]
[Black "Riazantsev, Alexander"]
[Result "1-0"]
[WhiteElo "2365"]
[BlackElo "2290"]

1.e4 e6 2.d4 d5 3.Nd2 Nc6 4.Ngf3 Nf6 5.e5 Nd7 6.Be2 f6 7.exf6 Qxf6 8.Nf1 Bd6
9.Ne3 O-O 10.O-O Qg6 11.c4 Nf6 12.Re1 Bd7 13.a3 a5 14.Bd3 Qh5 15.Nf1 dxc4
16.Bxc4 Nd5 17.Ng3 Qf7 18.Qc2 h6 19.Bd3 Nf4 20.Bxf4 Qxf4 21.Re4 Qf7 22.Rae1 Rad8
23.Bc4 Kh8 24.Ba2 Be7 25.Bb1 Qg8 26.d5 Nb8 27.Ne5 Be8 28.dxe6 Nc6 29.Nf7+ Bxf7
30.exf7 Rxf7 31.Ba2 Qf8 32.Bxf7 Qxf7 33.Rxe7 Nxe7 34.Qxc7 Rd2 35.f3 Qb3 36.Qxe7 Qxb2
37.Qf8+ Kh7 38.Qf5+  1-0

[Event "RUS-Cup02"]
[Site "Moscow"]
[Date "1998.??.??"]
[Round "7"]
[White "Kuznetsova, Elena"]
[Black "Riazantsev, Alexander"]
[Result "0-1"]
[WhiteElo "2215"]
[BlackElo "2290"]

1.e4 e6 2.d4 d5 3.Nd2 Nc6 4.Ngf3 Nf6 5.e5 Nd7 6.Bd3 Nb4 7.Be2 c5 8.c3 Nc6
9.O-O cxd4 10.cxd4 f6 11.exf6 Nxf6 12.Re1 Bd6 13.Nf1 O-O 14.Bg5 Qb6 15.Bd3 h6
16.Bxf6 Rxf6 17.Ne3 Bd7 18.Ng4 Rf4 19.Nge5 Nxe5 20.dxe5 Bc5 21.Qe2 Raf8 22.Rac1 Be8
23.Qc2 Bb4 24.Rf1 Bh5 25.Ne1 Qd4 26.Bh7+ Kh8 27.Nd3 Rg4 28.h3 Rg5 29.Kh2 Kxh7
30.Nxb4+ Bg6 31.Qc3 Qxc3 32.Rxc3 Rxe5 33.Nc2 Re2 34.Nd4 Rxb2 35.Nxe6 Rf6
36.Nc5 Rfxf2 37.Rxf2 Rxf2 38.Ra3 b6 39.Kg1 Re2 40.Kf1 Re7 41.Na4 d4 42.Nb2 d3
43.Nc4 Rc7 44.Nd2 Kg8 45.Kf2 Re7 46.Kf1 Rc7 47.Kf2 Kf7 48.Ra4 Kf6 49.Kf3 Ke5
50.Ke3 Kd5 51.Rd4+ Kc6 52.Ne4 Bxe4 53.Rxe4 Rd7 54.Kd2 b5 55.Re8 Kc5 56.Rc8+ Kb4
57.Rc3 Ka4 58.Rc6 a5 59.Rc3 Rd5 60.Rb3 b4 61.g4 g5 62.Rb1 Ka3  0-1

[Event "EU-ch U14"]
[Site "Murek"]
[Date "1998.??.??"]
[Round "7"]
[White "Efimenko, Zahar"]
[Black "Drozdovskyi, Yuri"]
[Result "1-0"]
[WhiteElo "2330"]
[BlackElo "2295"]

1.e4 e6 2.d4 d5 3.Nd2 a6 4.Ngf3 c5 5.dxc5 Bxc5 6.Bd3 Nc6 7.O-O Nge7 8.a3 O-O
9.b4 Ba7 10.Bb2 Ng6 11.e5 Nf4 12.Nb3 Bd7 13.Qd2 Nxd3 14.cxd3 Rc8 15.Rac1 Qe7
16.Nbd4 f6 17.Nxc6 bxc6 18.d4 Be8 19.Qd3 Qb7 20.Rfe1 Bg6 21.Qe3 f5 22.Qf4 h6
23.Rc2 Bh5 24.Rec1 Bb6 25.Ne1 g5 26.Qd2 f4 27.f3 Bg6 28.Rc3 Kf7 29.a4 Rc7
30.Rb3 Ke8 31.Nd3 Kd7 32.Qc3 Rb8 33.Nc5+ Bxc5 34.Qxc5 Bf5 35.b5 Ke8 36.b6 Rcc8
37.Ba3 Kf7 38.a5 Kg6 39.Qe7 Qxe7 40.Bxe7 Kf7 41.Bd6 Rb7 42.Bc7 Rcxc7 43.bxc7 Rxc7
44.Rb6 Bd3 45.Rcxc6 Rxc6 46.Rxc6 Bb5 47.Rb6 Bc4 48.Rb7+ Kg6 49.Re7 Kf5 50.Rf7+ Kg6
51.Rf6+ Kg7 52.Rxe6 Bf1 53.Kxf1  1-0